000 00241nam a2200097Ia 4500
001 778701
005 20250826165930.0
008 250824s9999 xx 000 0 und d
245 0 _aSOKAKLARIN ÇOCUĞU
_cORHAN KEMAL
260 _bEVEREST YAYINLARI
999 _c778701
_d778701